Configurationality in Hungarian
| Published in: | Studies in natural language and linguistic theory |
|---|---|
| Main Author: | |
| Content type: | Book |
| Published: |
Dordrecht:
Reidel
1987
|
| Series: | Studies in natural language and linguistic theory |
| Source: | MPIPL_cat |
MARC
| LEADER | 00000nam a2200000 ub4500 | ||
|---|---|---|---|
| 001 | PL0005456 | ||
| 003 | PLI01000000000000000005373 | ||
| 005 | 00000000000000.0 | ||
| 008 | ||| u | ||
| 020 | |a 90-277-1907-1 | ||
| 020 | |a 9789027719072 | ||
| 090 | |a 210-Kis/1 | ||
| 100 | 1 | |a Kiss, Katalin É. | |
| 245 | 0 | 0 | |a Configurationality in Hungarian |c K.E. Kiss |
| 260 | |a Dordrecht |b Reidel |c 1987 | ||
| 300 | |a 268 P. | ||
| 490 | 0 | |a Studies in natural language and linguistic theory | |
| 830 | 0 | |w PL0000540 | |
| 852 | |c 210-Kis/1 |m BOOK | ||